BUBT Library Online Catalog

Marketing Management:Text & Cases/ (Record no. 1686)

000 -LEADER
fixed length control field 00569nam a2200205Ia 4500
003 - CONTROL NUMBER IDENTIFIER
control field BUBTL
008 - FIXED-LENGTH DATA ELEMENTS--GENERAL INFORMATION
fixed length control field 151213s9999 xx 000 0 und d
020 ## - INTERNATIONAL STANDARD BOOK NUMBER
International Standard Book Number 8125907734
082 ## - DEWEY DECIMAL CLASSIFICATION NUMBER
Classification number 658.8/ R1372m/ 2004
100 ## - MAIN ENTRY--PERSONAL NAME
Personal name Rajagopal
9 (RLIN) 2583
245 ## - TITLE STATEMENT
Title Marketing Management:Text & Cases/
Statement of responsibility, etc. Rajagopal
260 ## - PUBLICATION, DISTRIBUTION, ETC. (IMPRINT)
Place of publication, distribution, etc. New Delhi
Name of publisher, distributor, etc. Vikas
Date of publication, distribution, etc. c2004
300 ## - PHYSICAL DESCRIPTION
Extent 303p. :
Other physical details Table; 24cm.
Dimensions Marketing.
500 ## - GENERAL NOTE
General note Includes Index.
650 ## - SUBJECT ADDED ENTRY--TOPICAL TERM
Topical term or geographic name as entry element Marketing
9 (RLIN) 2584
700 ## - ADDED ENTRY--PERSONAL NAME
Personal name Rajagopal
9 (RLIN) 2583
856 ## - ELECTRONIC LOCATION AND ACCESS
Password 0
Logon 0
Link text Download
942 ## - ADDED ENTRY ELEMENTS (KOHA)
Source of classification or shelving scheme
Koha item type Books
Holdings
Withdrawn status Lost status Source of classification or shelving scheme Damaged status Not for loan Collection code Permanent location Current location Shelving location Date acquired Inventory number Total Checkouts Full call number Barcode Date last seen Copy number Price effective from Koha item type
          Non-fiction Bangladesh University of Business and Technology Library Bangladesh University of Business and Technology Library Marketing Stacks 12/13/2019 2314   658.8/RAM BUBTL-20032314 12/13/2019 C-1 12/13/2019 Books
          Non-fiction Bangladesh University of Business and Technology Library Bangladesh University of Business and Technology Library Marketing Stacks 12/13/2019 2315   658.8/RAM BUBTL-20032315 12/13/2019 C-2 12/13/2019 Books

More Information About Library

Library Hours

  • Open: 9.00 am. to 9.00 pm.
  • Only Sunday: 9.00 am. to 6.00 pm.
  • Closed: Holiday

Contact to the University

Bangladesh University of Business and Technology Library

  • Mirpurl-2, 1216.
  • Phone:
  • Fax:
  • E-Mail: admin.library@bubt.edu.bd

Contact to the Library

Contact Person:

Md. Abdul Hakim Shah
Joint Librarian
PABX No:  113
Cell No: 01816332931
E-mail: official: admin.library@bubt.edu.bd
Personal: hakim.shah@bubt.edu.bd


BUBT Library

Copyright © 2021